Least Common Presidential Names Quiz Stats

 Plays Quiz Updated May 21, 2018

Challenge
Share
Tweet
Embed
Score 0/20 Timer 03:00
5 Plays Today
first/last name % Correct
LastObama
80.8%
FirstBarack
77.3%
LastRoosevelt
60.2%
FirstAbraham
56.6%
LastEisenhower
56.5%
FirstUlysses
55%
FirstFranklin
54.9%
LastTrump
54.4%
LastTaft
53%
FirstMillard
51.5%
first/last name % Correct
FirstGrover
50.4%
FirstDwight
49.6%
LastCoolidge
48.3%
LastFillmore
47.1%
LastVan Buren
46.9%
FirstWoodrow
46.6%
FirstRutherford
41%
FirstLyndon
38.3%
LastTruman
37.8%
LastGarfield
34.8%

You're not logged in!

Compare scores with friends on all Sporcle quizzes.
Join for Free
OR
Log In

You Might Also Like...

Show Comments

Extras

Top Quizzes Today


Score Distribution

Your Account Isn't Verified!

In order to create a playlist on Sporcle, you need to verify the email address you used during registration. Go to your Sporcle Settings to finish the process.

Report this User

Report this user for behavior that violates our Community Guidelines.

Details: